[Event "Ch Europe (seniors)"]
[Site "Hockenheim (Germany)"]
[Date "2007.06.10"]
[Round "9"]
[White "Khanukov Boris (GER)"]
[Black "Tseitlin Mark D (ISR)"]
[Result "1/2-1/2"]
[WhiteElo "2358"]
[BlackElo "2491"]
[PlyCount "169"]
[EventDate "2007.??.??"]
[Source "www.chesslib.no"]
[SourceDate "2004.05.04"]

1. d4 Nf6 2. c4 g6 3. Nc3 d5 4. Bf4 Bg7 5. e3 O-O 6. Rc1 c5 7. dxc5 Ne4 8. cxd5 Nxc3 9. bxc3 Qa5 10. Qb3 Nd7 11. Qb4 Qxa2 12. Bc4 a5 13. Qb5 Qa3 14. Ne2 Qxc5 15. O-O Qxb5 16. Bxb5 Nc5 17. Bc7 Bf5 18. Ra1 a4 19. Nd4 Rfc8 20. d6 exd6 21. Bxd6 Bd3 22. Rfd1 Bxb5 23. Nxb5 Ne4 24. Nc7 Nxd6 25. Nxa8 Rxa8 26. Rxd6 Bxc3 27. Ra2 b5 28. Rc6 b4 29. Kf1 Rb8 30. Rxa4 b3 31. Rac4 Kg7 32. Rxc3 b2 33. Rc1 bxc1=Q+ 34. Rxc1 Rb2 35. g4 g5 36. Rc5 Kg6 37. Kg2 f6 38. h4 gxh4 39. Rh5 Rb1 40. e4 Rb2 41. Rf5 Re2 42. Kf3 Ra2 43. Rh5 Ra3+ 44. Kf4 Rh3 45. Ra5 Rh1 46. f3 Rg1 47. Rh5 Rh1 48. e5 fxe5+ 49. Rxe5 Ra1 50. Re6+ Kg7 51. Kg5 h3 52. Re7+ Kg8 53. Re2 Rf1 54. Kf4 Kg7 55. Rh2 h5 56. gxh5 Ra1 57. Rxh3 Ra4+ 58. Kg5 Ra5+ 59. Kg4 Kh6 60. f4 Ra8 61. Rd3 Rg8+ 62. Kh4 Rg1 63. Rd6+ Kh7 64. Rd5 Kh6 65. Rg5 Rh1+ 66. Kg4 Rg1+ 67. Kf5 Ra1 68. Rg8 Ra5+ 69. Kg4 Ra6 70. Re8 Ra1 71. Re6+ Kh7 72. f5 Kg7 73. Rg6+ Kf7 74. Rd6 Rg1+ 75. Kf4 Rf1+ 76. Kg5 Rg1+ 77. Kh6 Rh1 78. Rd4 Kf6 79. Rd8 Kxf5 80. Rh8 Kg4 81. Rg8+ Kf5 82. Rb8 Rh2 83. Rh8 Rh1 84. Kg7 Ra1 85. h6 1/2-1/2

[Event "Camp. Commonwealth 2008"]
[Site "Nagpur IND"]
[Date "2008.10.05"]
[Round "10"]
[White "Wohl, A."]
[Black "Deepan, C."]
[Result "1/2-1/2"]
[WhiteElo "2384"]
[BlackElo "2464"]
[PlyCount "54"]
[EventDate "2008.09.28"]
[Source "www.chesslib.no"]
[SourceDate "2004.05.04"]

1. d4 d5 2. Bf4 Nf6 3. e3 g6 4. c4 Bg7 5. Nc3 O-O 6. Rc1 c6 7. h3 Be6 8. c5 b6 9. b4 a5 10. a3 axb4 11. axb4 bxc5 12. bxc5 Ne4 13. Bd3 Bf5 14. Nge2 Nd7 15. O-O e5 16. Bh2 Nxc3 17. Rxc3 exd4 18. Nxd4 Bxd3 19. Qxd3 Bxd4 20. Qxd4 Re8 21. Qb4 Qf6 22. Ra3 Rxa3 23. Qxa3 d4 24. exd4 Qxd4 25. Bd6 Nf6 26. Qa1 Qxa1 27. Rxa1 Ne4 1/2-1/2

[Event "Silkeborg"]
[Site "Silkeborg"]
[Date "1983.??.??"]
[Round "10"]
[White "Velikov, Petar"]
[Black "Brinck Claussen, Bjorn"]
[Result "1/2-1/2"]
[WhiteElo "2460"]
[BlackElo "2385"]
[PlyCount "72"]
[EventDate "1983.??.??"]
[Source "ChessBase"]

1. d4 Nf6 2. c4 g6 3. Nc3 d5 4. Bf4 Bg7 5. Rc1 O-O 6. e3 c5 7. dxc5 Qa5 8. cxd5 Ne4 9. Nge2 Rd8 10. Qa4 Qxa4 11. Nxa4 Rxd5 12. f3 Nf6 13. Nec3 Rd8 14. Bc4 Nc6 15. O-O Be6 16. Bxe6 fxe6 17. Rfd1 Nb4 18. Bc7 Rxd1+ 19. Rxd1 Nfd5 20. Nxd5 Nxd5 21. Bg3 b5 22. Nc3 Bxc3 23. bxc3 Rc8 24. e4 Nxc3 25. Rd7 Ne2+ 26. Kf2 Nxg3 27. Kxg3 Kf7 28. Rxa7 Rxc5 29. Ra5 Rc2 30. a3 Rb2 31. h4 h5 32. Kf4 Kf6 33. e5+ Kf7 34. g4 Rb3 35. Ra7 Rc3 36. gxh5 gxh5 1/2-1/2

[Event "Toronto op"]
[Site "Toronto"]
[Date "1997.??.??"]
[Round "2"]
[White "Nickoloff, Bryon"]
[Black "Saleh, Maher"]
[Result "1/2-1/2"]
[WhiteElo "2475"]
[BlackElo "2365"]
[PlyCount "29"]
[EventDate "1997.??.??"]
[Source "www.chesslib.no"]
[SourceDate "2004.05.04"]

1. d4 Nf6 2. c4 g6 3. Nc3 d5 4. Bf4 Bg7 5. Rc1 O-O 6. e3 c5 7. dxc5 Be6 8. Nge2 Nc6 9. cxd5 Nxd5 10. Nxd5 Qxd5 11. Qxd5 Bxd5 12. Nc3 Bxc3+ 13. Rxc3 Bxa2 14. b3 Bb1 15. Bc4 1/2-1/2

[Event "Balaguer"]
[Site "?"]
[Date "2006.07.13"]
[Round "6"]
[White "Timoscenko Genadij"]
[Black "Michalik Peter"]
[Result "1-0"]
[WhiteElo "2494"]
[BlackElo "2330"]
[PlyCount "33"]
[EventDate "2006.??.??"]
[Source "www.chesslib.no"]
[SourceDate "2004.05.04"]

1. d4 Nf6 2. c4 g6 3. Nc3 d5 4. Bf4 Bg7 5. e3 O-O 6. Rc1 Be6 7. c5 c6 8. h3 b6 9. b4 Ne4 10. Nf3 a5 11. Na4 Nd7 12. b5 bxc5 13. bxc6 g5 14. Nxg5 Nxg5 15. Bxg5 Nf6 16. Nxc5 Qd6 17. Bb5 1-0

[Event "Berliner Sommer"]
[Site "Berlin GER"]
[Date "1992.??.??"]
[Round "?"]
[White "Piskov, Yury"]
[Black "Vogel, Robert"]
[Result "1-0"]
[WhiteElo "2500"]
[BlackElo "2315"]
[PlyCount "55"]
[EventDate "1992.08.??"]
[Source "www.chesslib.no"]
[SourceDate "2004.05.04"]

1. d4 Nf6 2. c4 g6 3. Nc3 d5 4. Bf4 Bg7 5. e3 O-O 6. Rc1 c5 7. dxc5 Qa5 8. cxd5 Rd8 9. Bc4 Be6 10. Qa4 Qxa4 11. Nxa4 Nxd5 12. Nf3 Nxf4 13. exf4 Bxc4 14. Rxc4 Nc6 15. O-O Rd3 16. Re4 Rad8 17. Re3 e6 18. g3 Nd4 19. Rxd3 Ne2+ 20. Kg2 Rxd3 21. Re1 Nd4 22. Re3 Nxf3 23. Kxf3 Rd2 24. Re2 Rd3+ 25. Kg2 Kf8 26. Rc2 Ke8 27. b3 Kd7 28. c6+ 1-0

[Event "NED-ch Leeuwarden"]
[Site "Leeuwarden"]
[Date "1974.??.??"]
[Round "2"]
[White "Ree, Hans"]
[Black "Scholl, Eddie C"]
[Result "1/2-1/2"]
[WhiteElo "2425"]
[BlackElo "2385"]
[PlyCount "84"]
[EventDate "1974.??.??"]
[Source "ChessBase"]

1. d4 Nf6 2. c4 g6 3. Nc3 d5 4. Bf4 Bg7 5. e3 O-O 6. Rc1 c6 7. Qb3 Qa5 8. Nf3 Nbd7 9. h3 dxc4 10. Bxc4 Nb6 11. O-O Nxc4 12. Qxc4 Be6 13. Qe2 Nd5 14. Nxd5 Bxd5 15. e4 Be6 16. b3 Rac8 17. Rfd1 Rfe8 18. Rc5 Qd8 19. Ng5 Qd7 20. Be3 h6 21. Nxe6 Qxe6 22. Qc2 Red8 23. d5 cxd5 24. Rdxd5 Kh7 25. Qd3 Rxc5 26. Rxd8 Ra5 27. a4 b6 28. Ra8 f5 29. exf5 gxf5 30. Qd8 Rd5 31. Qc8 Rd1+ 32. Kh2 Qxc8 33. Rxc8 Rb1 34. Ra8 Be5+ 35. g3 Rxb3 36. Rxa7 Bd6 37. Ra6 b5 38. a5 Ra3 39. Ra8 b4 40. a6 b3 41. a7 b2 42. Rb8 Rxa7 1/2-1/2

[Event "ARG Ch"]
[Site "San Luis ARG"]
[Date "1990.??.??"]
[Round "14"]
[White "Soppe, Guillermo G"]
[Black "Bronstein, Luis M"]
[Result "1/2-1/2"]
[WhiteElo "2405"]
[BlackElo "2390"]
[PlyCount "22"]
[EventDate "1990.??.??"]
[Source "www.chesslib.no"]
[SourceDate "2004.05.04"]

1. d4 Nf6 2. c4 g6 3. Nc3 d5 4. Bf4 Bg7 5. Rc1 O-O 6. e3 c5 7. dxc5 Be6 8. Nge2 Nc6 9. cxd5 Bxd5 10. Bg5 Bc4 11. Qxd8 Rfxd8 1/2-1/2

[Event "ROM Ch"]
[Site "Predeal"]
[Date "1988.??.??"]
[Round "17"]
[White "Marin, Mihail"]
[Black "Stanciu, Adrian"]
[Result "1/2-1/2"]
[WhiteElo "2480"]
[BlackElo "2310"]
[PlyCount "23"]
[EventDate "1988.??.??"]
[Source "www.chesslib.no"]
[SourceDate "2004.05.04"]

1. d4 Nf6 2. c4 g6 3. Nc3 d5 4. Bf4 Bg7 5. Rc1 O-O 6. e3 c5 7. dxc5 Be6 8. Nge2 Nc6 9. cxd5 Nxd5 10. Nxd5 Bxd5 11. Nc3 Bxc3+ 12. Rxc3 1/2-1/2

[Event "HUN-ch"]
[Site "Budapest"]
[Date "1979.??.??"]
[Round "12"]
[White "Pinter, Jozsef"]
[Black "Schneider, Attila"]
[Result "1-0"]
[WhiteElo "2445"]
[BlackElo "2320"]
[PlyCount "75"]
[EventDate "1979.11.??"]
[Source "ChessBase"]

1. c4 Nf6 2. Nc3 d5 3. d4 g6 4. Bf4 Bg7 5. e3 O-O 6. Rc1 c5 7. dxc5 dxc4 8. Qxd8 Rxd8 9. Bxc4 Nfd7 10. Bc7 Re8 11. Na4 Be5 12. Bxe5 Nxe5 13. Nf3 Nxc4 14. Rxc4 Be6 15. Rb4 Bd5 16. Nc3 Bc6 17. Rc4 Nd7 18. Ke2 Rec8 19. e4 b5 20. cxb6 Bb5 21. b7 Bxc4+ 22. Ke3 Rab8 23. bxc8=Q+ Rxc8 24. Rc1 Ba6 25. b3 Nf6 26. h3 Bf1 27. Ne1 Rc6 28. f3 Kf8 29. h4 Ke8 30. Ne2 Kd7 31. Rxc6 Kxc6 32. Nd4+ Kc5 33. a3 a5 34. Nd3+ Bxd3 35. Kxd3 e5 36. Ne2 Nd7 37. Kc3 Nb6 38. Nc1 1-0

[Event "US-ch U20"]
[Site "New York"]
[Date "1998.??.??"]
[Round "8"]
[White "Shliperman, Igor"]
[Black "Shahade, Gregory"]
[Result "1/2-1/2"]
[WhiteElo "2425"]
[BlackElo "2320"]
[PlyCount "24"]
[EventDate "1998.07.??"]
[Source "www.chesslib.no"]
[SourceDate "2004.05.04"]

1. d4 Nf6 2. c4 g6 3. Nc3 d5 4. Bf4 Bg7 5. e3 O-O 6. Rc1 c5 7. dxc5 Na6 8. cxd5 Nxc5 9. Bc4 Qb6 10. Nge2 Qxb2 11. O-O Nfe4 12. Nxe4 Nxe4 1/2-1/2

[Event "Bundesliga 9394"]
[Site "Germany"]
[Date "1994.??.??"]
[Round "?"]
[White "Heinig, Wolfram"]
[Black "Luecke, Norbert"]
[Result "0-1"]
[WhiteElo "2320"]
[BlackElo "2410"]
[PlyCount "70"]
[EventDate "1993.10.??"]
[Source "ChessBase"]
[SourceDate "1999.07.01"]

1. d4 Nf6 2. c4 g6 3. Nc3 d5 4. Bf4 Bg7 5. Rc1 O-O 6. e3 c5 7. dxc5 Na6 8. cxd5 Nxc5 9. Bc4 Qa5 10. Be5 Bd7 11. a3 b5 12. b4 Qxa3 13. bxc5 bxc4 14. c6 Bf5 15. Nge2 Bd3 16. Nf4 Nxd5 17. Nxd3 Bxe5 18. Nxe5 Nxc3 19. Qc2 Na2 20. Rb1 Qa5+ 21. Kf1 Qxe5 22. Qxa2 Qc5 23. Rc1 c3 24. h4 Qxc6 25. h5 Rfb8 26. hxg6 hxg6 27. Rh4 Rc8 28. Rf4 e6 29. Ra4 Qb5+ 30. Kg1 a5 31. Rc2 Rc5 32. Ra3 Qd3 33. Qb1 Rd8 34. Qb6 Qd1+ 35. Kh2 Qh5+ 0-1

[Event "Corus C"]
[Site "Wijk aan Zee NED"]
[Date "2008.01.26"]
[Round "12"]
[White "Van der Werf, M."]
[Black "Ruijgrok, D."]
[Result "1/2-1/2"]
[WhiteElo "2389"]
[BlackElo "2329"]
[PlyCount "49"]
[EventDate "2008.01.12"]
[Source "www.chesslib.no"]
[SourceDate "2004.05.04"]

1. d4 Nf6 2. c4 g6 3. Nc3 d5 4. Bf4 Bg7 5. e3 O-O 6. Rc1 dxc4 7. Bxc4 Nbd7 8. Nf3 c5 9. dxc5 Nxc5 10. O-O Be6 11. Bxe6 Nxe6 12. Be5 Qb6 13. Qe2 Rfd8 14. Rfd1 Rxd1+ 15. Rxd1 Rd8 16. Nd4 Ne4 17. Bxg7 Nxc3 18. bxc3 Nxg7 19. Qc2 Qd6 20. Rd2 Ne6 21. Qd1 Qa6 22. Nxe6 Rxd2 23. Qxd2 Qxe6 24. Qd8+ Kg7 25. Qd4+ 1/2-1/2

[Event "JUG-chT2"]
[Site "Tivat"]
[Date "1995.??.??"]
[Round "9"]
[White "Djukic, Zeljko"]
[Black "Kurcubic, Jelenko"]
[Result "1/2-1/2"]
[WhiteElo "2375"]
[BlackElo "2340"]
[PlyCount "114"]
[EventDate "1995.??.??"]
[Source "www.chesslib.no"]
[SourceDate "2004.05.04"]

1. d4 Nf6 2. c4 g6 3. Nc3 d5 4. Bf4 Bg7 5. Rc1 O-O 6. e3 c5 7. dxc5 Qa5 8. cxd5 Rd8 9. d6 Ne4 10. Bc4 Nxc3 11. bxc3 Qxc5 12. Qb3 e6 13. Nf3 Nc6 14. O-O a6 15. Nd2 b5 16. Be2 Ne5 17. Ne4 Qa7 18. Bg5 Re8 19. Nf6+ Bxf6 20. Bxf6 Nd7 21. Bd4 Qb8 22. c4 Qxd6 23. cxb5 axb5 24. Bxb5 Bb7 25. a4 Bd5 26. Qb2 Reb8 27. Qc2 Nb6 28. Ba1 e5 29. e4 Bb7 30. f3 Rc8 31. Qb2 f6 32. Qb3+ Kg7 33. Bb2 Rxc1 34. Rxc1 Rc8 35. Rxc8 Bxc8 36. Kf1 Be6 37. Qc2 g5 38. g4 Kg6 39. Kf2 h5 40. gxh5+ Kxh5 41. a5 Nc4 42. Bxc4 Qc5+ 43. Kg2 Bxc4 44. Qd2 Ba6 45. Bc3 Qc4 46. Kg3 Qf1 47. h3 Be2 48. Qe3 Ba6 49. Qf2 Qxf2+ 50. Kxf2 Bb5 51. Bb4 Ba6 52. Be7 Kg6 53. Bd8 Bb5 54. Ke3 Ba6 55. Kd2 Bb5 56. Bc7 Ba6 57. Bb6 Bb5 1/2-1/2

[Event "Bundesliga 9495"]
[Site "Germany"]
[Date "1995.??.??"]
[Round "?"]
[White "Foessmeier, Ulrich"]
[Black "Luecke, Norbert"]
[Result "1/2-1/2"]
[WhiteElo "2310"]
[BlackElo "2400"]
[PlyCount "60"]
[EventDate "1994.10.??"]
[Source "ChessBase"]
[SourceDate "1999.07.01"]

1. d4 Nf6 2. c4 g6 3. Nc3 d5 4. Bf4 Bg7 5. e3 O-O 6. Rc1 c6 7. Bd3 Qa5 8. Nf3 Nbd7 9. O-O Nh5 10. cxd5 Nxf4 11. exf4 cxd5 12. f5 Nf6 13. Qe2 e6 14. fxg6 hxg6 15. Ne5 Qb4 16. Qe3 Nd7 17. f4 Nxe5 18. fxe5 Bd7 19. Rc2 Qe7 20. g3 f5 21. Ne2 Rac8 22. Rfc1 Rxc2 23. Rxc2 Rc8 24. Rxc8+ Bxc8 25. Qc1 Qd8 26. h4 Bd7 27. Qc5 b6 28. Qc1 Kh7 29. Nf4 Bh6 30. Kf2 a5 1/2-1/2

[Event "Budapest FS08 IM-B"]
[Site "Budapest"]
[Date "1998.08.06"]
[Round "6"]
[White "Vigh, Bela"]
[Black "Kolbus, Dietmar"]
[Result "0-1"]
[WhiteElo "2385"]
[BlackElo "2320"]
[PlyCount "94"]
[EventDate "1998.08.??"]
[Source "www.chesslib.no"]
[SourceDate "2004.05.04"]

1. d4 Nf6 2. c4 g6 3. Nc3 d5 4. Bf4 Bg7 5. e3 O-O 6. Rc1 c5 7. dxc5 Be6 8. Qb3 Na6 9. c6 bxc6 10. Qa3 Nb8 11. Nf3 a5 12. h3 Qb6 13. Na4 Qb4+ 14. Qxb4 axb4 15. b3 Ne4 16. Nd4 Nc3 17. Nxc3 bxc3 18. Nxe6 fxe6 19. Bxb8 Rfxb8 20. Rc2 Ra3 21. Bd3 Rba8 22. Ke2 Rxa2 23. Rb1 Rb2 24. Rcxb2 cxb2 25. Kd2 Ra1 26. Kc2 Kf7 27. e4 Bd4 28. f4 h5 29. g4 h4 30. Kd2 Ra3 31. Kc2 Ra1 32. Rd1 Be3 33. Rb1 Bc1 34. Kc3 dxe4 35. Bxe4 c5 36. Bc2 Ra3 37. Be4 Ra6 38. Bc2 Rb6 39. Be4 Rd6 40. Bc2 Rd4 41. f5 exf5 42. gxf5 g5 43. b4 Rf4 44. bxc5 Ke8 45. Kb4 Kd8 46. c6 Kc7 47. Kc5 Rf3 0-1

[Event "SVK Cup"]
[Site "?"]
[Date "2003.??.??"]
[Round "7"]
[White "Timoscenko Genadij"]
[Black "Vyparina Matej"]
[Result "1-0"]
[WhiteElo "2533"]
[BlackElo "2163"]
[PlyCount "55"]
[EventDate "2003.??.??"]
[Source "www.chesslib.no"]
[SourceDate "2004.05.04"]

1. d4 Nf6 2. c4 g6 3. Nc3 d5 4. Bf4 Bg7 5. e3 O-O 6. Rc1 c5 7. dxc5 dxc4 8. Qxd8 Rxd8 9. Bxc4 Nbd7 10. b4 a5 11. a3 axb4 12. axb4 Nh5 13. Bc7 Re8 14. Nge2 Ne5 15. Bb5 Nc6 16. O-O Bg4 17. h3 Bxe2 18. Nxe2 Ra2 19. Rb1 Rc8 20. Bh2 Rd8 21. Nc1 Rc2 22. Ba4 Rc4 23. Na2 Nf6 24. Bb3 Re4 25. b5 Na7 26. Nc3 Rh4 27. c6 bxc6 28. b6 1-0

[Event "Tch-SWE 2002-3"]
[Site "Sweden"]
[Date "2002.11.16"]
[Round "4"]
[White "Dzevlan, Miralem"]
[Black "Sanden, Stefan"]
[Result "1-0"]
[WhiteElo "2379"]
[BlackElo "2315"]
[PlyCount "67"]
[EventDate "2003.01.01"]
[Source "Roberto Alvarez"]
[SourceDate "2003.03.17"]

1. d4 Nf6 2. c4 g6 3. Nc3 d5 4. Bf4 Bg7 5. e3 O-O 6. Rc1 c5 7. dxc5 dxc4 8. Qxd8 Rxd8 9. Bxc4 Bf5 10. f3 Bd3 11. Bxd3 Rxd3 12. Ke2 Rd7 13. Bxb8 Rxb8 14. Nh3 a5 15. Nf2 Rc7 16. Nd3 e6 17. Rc2 Nd7 18. Nb5 Rc6 19. Rhc1 Ne5 20. Nxe5 Bxe5 21. g3 Bf6 22. b3 h5 23. h3 Kg7 24. Rc4 Be5 25. f4 Bf6 26. Nd4 Rcc8 27. c6 Bxd4 28. c7 Ra8 29. Rxd4 b6 30. Rd7 a4 31. b4 b5 32. a3 Ra7 33. Rc6 Raa8 34. Rxe6 1-0

[Event "Zagreb CRO"]
[Site "?"]
[Date "2006.01.18"]
[Round "5"]
[White "Sedlak Nikola"]
[Black "Jakupec Denis"]
[Result "1-0"]
[WhiteElo "2512"]
[BlackElo "2181"]
[PlyCount "41"]
[EventDate "2006.??.??"]
[Source "www.chesslib.no"]
[SourceDate "2004.05.04"]

1. d4 d5 2. Bf4 Nf6 3. e3 g6 4. c4 Bg7 5. Nc3 O-O 6. Rc1 c6 7. Qb3 dxc4 8. Bxc4 Nbd7 9. Nf3 Nb6 10. Be2 Nh5 11. Be5 Be6 12. Qc2 f6 13. Bg3 Bf5 14. Qb3+ Kh8 15. Nh4 Nxg3 16. hxg3 Qd6 17. Bg4 e6 18. Bxf5 gxf5 19. Ng6+ Kg8 20. Nxf8 Rxf8 21. O-O 1-0

[Event "AZE-ch"]
[Site "?"]
[Date "2000.??.??"]
[Round "?"]
[White "Mamedyarov Shakhriyar"]
[Black "Bagirov Rufat"]
[Result "1/2-1/2"]
[WhiteElo "2201"]
[BlackElo "2481"]
[PlyCount "51"]
[EventDate "2000.??.??"]
[Source "www.chesslib.no"]
[SourceDate "2004.05.04"]

1. d4 Nf6 2. c4 g6 3. Nc3 d5 4. Bf4 Bg7 5. Rc1 O-O 6. e3 c5 7. dxc5 Be6 8. Nge2 Qa5 9. Nd4 Qxc5 10. Nxe6 fxe6 11. cxd5 Nxd5 12. Nxd5 Qxd5 13. Bc4 Qa5+ 14. Qd2 Qxd2+ 15. Kxd2 Kf7 16. Ke2 Nc6 17. Rhd1 Bxb2 18. Rb1 Be5 19. Rxb7 Na5 20. Rb5 Nxc4 21. Bxe5 a6 22. Rc5 Nxe5 23. Rxe5 Rfc8 24. Ra5 Rc6 25. Rd4 Rb8 26. Rf4+ 1/2-1/2

[Event "Mondariz 09"]
[Site "?"]
[Date "1995.??.??"]
[Round "?"]
[White "Rodriguez Lopez Rafael"]
[Black "Vidarte Morales Arturo"]
[Result "0-1"]
[WhiteElo "2315"]
[BlackElo "2355"]
[PlyCount "130"]
[EventDate "1995.??.??"]
[Source "www.chesslib.no"]
[SourceDate "2004.05.04"]

1. d4 Nf6 2. c4 g6 3. Nc3 d5 4. Bf4 Bg7 5. e3 O-O 6. Rc1 c5 7. dxc5 Qa5 8. cxd5 Ne4 9. Qc2 Bf5 10. Bd3 Nxc3 11. bxc3 Bxd3 12. Qxd3 Qxa2 13. c4 Na6 14. Qd2 Qxd2+ 15. Kxd2 Nxc5 16. Rc2 Rfd8 17. f3 f5 18. Ke2 e6 19. dxe6 Nxe6 20. Nh3 a5 21. Bg3 a4 22. Be1 Rdc8 23. Bb4 a3 24. Ra2 Ra4 25. Rb1 Rxc4 26. Bd6 Ra6 27. Rd1 Bb2 28. Rd3 Nd4+ 29. exd4 Rxd6 30. d5 b5 31. Nf2 Rc2+ 32. Kf1 b4 33. Nd1 Rc1 34. Ke2 Ra1 35. Rxb2 axb2 36. Nxb2 Ra3 37. Rd4 Ra5 38. Rxb4 Rdxd5 39. Nc4 Ra2+ 40. Rb2 Rxb2+ 41. Nxb2 Ra5 42. Nd3 Ra2+ 43. Kf1 Kf7 44. h4 Rd2 45. Nf4 Rd4 46. g3 Rd2 47. Nh3 h6 48. Nf4 Kf6 49. Kg1 Ra2 50. Kf1 Ra6 51. Kf2 Ke5 52. Ke3 Ra3+ 53. Kf2 g5 54. hxg5 hxg5 55. Nh3 Ra2+ 56. Kg1 g4 57. fxg4 fxg4 58. Nf2 Rxf2 59. Kxf2 Kd4 60. Ke2 Ke4 61. Kf2 Kd3 62. Kf1 Ke3 63. Ke1 Kf3 64. Kf1 Kxg3 65. Kg1 Kh3 0-1

[Event "Podolsk-chT"]
[Site "Podolsk"]
[Date "1993.??.??"]
[Round "?"]
[White "Glyanets, A."]
[Black "Zilberstein, V."]
[Result "1-0"]
[WhiteElo "2385"]
[BlackElo "2285"]
[PlyCount "53"]
[EventDate "1993.??.??"]
[Source "www.chesslib.no"]
[SourceDate "2004.05.04"]

1. d4 Nf6 2. c4 g6 3. Nc3 d5 4. Bf4 Bg7 5. Rc1 O-O 6. e3 c5 7. dxc5 Be6 8. Nge2 Nc6 9. Nd4 Nxd4 10. exd4 dxc4 11. Be2 Nd5 12. Be3 b6 13. cxb6 axb6 14. a3 Nxc3 15. Rxc3 b5 16. O-O Qd7 17. Qd2 Rfd8 18. Rd1 Ra6 19. Rcc1 Bd5 20. Bf1 Qb7 21. Bh6 Rad6 22. Bxg7 Kxg7 23. Qb4 Qb6 24. h3 Be6 25. Be2 Rxd4 26. Rxd4 Rxd4 27. a4 1-0

[Event "Bundesliga 9394"]
[Site "Germany"]
[Date "1994.??.??"]
[Round "?"]
[White "Heinig, Wolfram"]
[Black "Seger, Ruediger"]
[Result "1/2-1/2"]
[WhiteElo "2320"]
[BlackElo "2350"]
[PlyCount "57"]
[EventDate "1993.10.??"]
[Source "ChessBase"]
[SourceDate "1999.07.01"]

1. d4 Nf6 2. c4 g6 3. Nc3 d5 4. Bf4 Bg7 5. Rc1 O-O 6. e3 c5 7. dxc5 Be6 8. Nge2 Nc6 9. cxd5 Nxd5 10. Nxd5 Bxd5 11. Nc3 Be6 12. Be2 Qa5 13. O-O Rfd8 14. Qe1 Rac8 15. a3 Bb3 16. Bf3 Bc4 17. Be2 Bxe2 18. Qxe2 Qxc5 19. Rfd1 Ne5 20. Rxd8+ Rxd8 21. Rd1 Rc8 22. h3 e6 23. Ne4 Qc6 24. f3 h6 25. Nf2 Nc4 26. Rc1 Qd5 27. b3 Nb6 28. Rxc8+ Nxc8 29. Qd3 1/2-1/2

[Event "WJun, Athens GRE"]
[Site "?"]
[Date "2001.??.??"]
[Round "13"]
[White "Berkvens, J."]
[Black "Khamzin, O."]
[Result "1-0"]
[WhiteElo "2440"]
[BlackElo "2220"]
[PlyCount "49"]
[EventDate "2001.??.??"]
[Source "www.chesslib.no"]
[SourceDate "2004.05.04"]

1. d4 Nf6 2. c4 g6 3. Nc3 d5 4. Bf4 Bg7 5. e3 O-O 6. Rc1 c6 7. h3 Nbd7 8. Nf3 dxc4 9. Bxc4 b5 10. Bd3 a6 11. e4 Nb6 12. O-O Bb7 13. Qe2 Nfd7 14. Rfd1 Qe8 15. Be3 Rc8 16. Nb1 e5 17. Nxe5 Bxe5 18. dxe5 Qxe5 19. f4 Qe7 20. Nd2 Rfe8 21. e5 Nd5 22. Ne4 Nxe3 23. Qxe3 c5 24. Bxb5 Bc6 25. Rxd7 1-0

[Event "Paris Ch"]
[Site "Paris FRA"]
[Date "1993.??.??"]
[Round "7"]
[White "Shabtai, Ran"]
[Black "Zigura, Oleg"]
[Result "1/2-1/2"]
[WhiteElo "2370"]
[BlackElo "2290"]
[PlyCount "104"]
[EventDate "1993.04.??"]
[Source "www.chesslib.no"]
[SourceDate "2004.05.04"]

1. d4 Nf6 2. c4 g6 3. Nc3 d5 4. Bf4 Bg7 5. Rc1 O-O 6. e3 c5 7. dxc5 Be6 8. Nge2 Qa5 9. Nd4 Nc6 10. Nxe6 fxe6 11. Be2 Rad8 12. Qa4 Qxa4 13. Nxa4 e5 14. cxd5 exf4 15. dxc6 fxe3 16. cxb7 exf2+ 17. Kf1 Ne4 18. g3 Be5 19. c6 Bc7 20. Nc3 Nxc3 21. bxc3 Rd6 22. Bb5 Rd2 23. Bc4+ Kg7 24. Be6 Kf6 25. Bc8 e5 26. Kg2 e4 27. Rhf1 e3 28. Bg4 Kg5 29. Bf3 Rxa2 30. Rcd1 Rxf3 31. Kxf3 e2 32. Rd5+ Kf6 33. Kxf2 exf1=Q+ 34. Kxf1 Rb2 35. Rd7 Be5 36. Rxh7 a5 37. c7 Bxc7 38. Rxc7 a4 39. Rc4 a3 40. Ra4 Rxb7 41. Rxa3 Rb2 42. Kg1 Rc2 43. Ra6+ Kf5 44. Rc6 g5 45. h4 gxh4 46. gxh4 Kg4 47. Kf1 Kxh4 48. Ke1 Kg5 49. Kd1 Rh2 50. Rd6 Kf5 51. Rd2 Rxd2+ 52. Kxd2 Ke4 1/2-1/2

[Event "SG Turm Trier"]
[Site "Trier"]
[Date "1997.11.01"]
[Round "6"]
[White "Spacek, Petr"]
[Black "Bakalarz, Mieczyslaw"]
[Result "1-0"]
[WhiteElo "2395"]
[BlackElo "2265"]
[PlyCount "103"]
[EventDate "1997.10.27"]
[Source "www.chesslib.no"]
[SourceDate "2004.05.04"]

1. d4 Nf6 2. c4 g6 3. Nc3 d5 4. Bf4 Bg7 5. e3 O-O 6. Rc1 c5 7. dxc5 Be6 8. Nge2 Nc6 9. cxd5 Nxd5 10. Nxd5 Qxd5 11. Qxd5 Bxd5 12. Nc3 Bxc3+ 13. Rxc3 Bxa2 14. Bb5 Bd5 15. f3 Rfd8 16. Ke2 Be6 17. Ra1 Rd7 18. Ke1 f6 19. h4 Bf7 20. e4 e5 21. Be3 Be6 22. Rca3 Kf7 23. g4 Rc7 24. Ra4 a6 25. Bxc6 Rxc6 26. Rb4 Rb8 27. Rd1 a5 28. Rb5 Ra6 29. g5 f5 30. Rd6 Rxd6 31. cxd6 fxe4 32. fxe4 Bc4 33. Rc5 Bd3 34. Rc7+ Ke6 35. Bc5 Re8 36. Rxb7 Bxe4 37. Rxh7 Bc6 38. Rg7 Rh8 39. Rxg6+ Kd5 40. Bf2 Rb8 41. h5 Rxb2 42. h6 Rb1+ 43. Kd2 Rh1 44. Kc3 Rh3+ 45. Kc2 a4 46. Rf6 a3 47. g6 Ba4+ 48. Kd2 Ke4 49. g7 Bb3 50. h7 Rd3+ 51. Ke2 Bd1+ 52. Kf1 1-0

[Event "op Oberwart"]
[Site "?"]
[Date "2003.??.??"]
[Round "4.27"]
[White "Timoscenko Genadij"]
[Black "Kropik Martin"]
[Result "1-0"]
[WhiteElo "2530"]
[BlackElo "2116"]
[PlyCount "49"]
[EventDate "2003.??.??"]
[Source "www.chesslib.no"]
[SourceDate "2004.05.04"]

1. d4 Nf6 2. c4 g6 3. Nc3 d5 4. Bf4 Bg7 5. e3 O-O 6. Rc1 c5 7. dxc5 Qa5 8. cxd5 Rd8 9. Bc4 Be6 10. e4 Nxe4 11. Nge2 Nxc3 12. Nxc3 Bf5 13. O-O Qxc5 14. Qe2 Nd7 15. Nb5 Nb6 16. Nc7 g5 17. d6 Nxc4 18. Rxc4 Bg4 19. Qc2 Qf5 20. Qxf5 Bxf5 21. dxe7 gxf4 22. Nxa8 Rxa8 23. Rd1 Bf6 24. Rxf4 Bc2 25. Re1 1-0

[Event "WchT U26 17th"]
[Site "Graz"]
[Date "1972.??.??"]
[Round "4"]
[White "Nehmert, Ulrich"]
[Black "Sax, Gyula"]
[Result "0-1"]
[WhiteElo "2200"]
[BlackElo "2445"]
[PlyCount "42"]
[EventDate "1972.07.15"]
[Source "ChessBase"]

1. d4 Nf6 2. c4 g6 3. Nc3 d5 4. Bf4 Bg7 5. e3 O-O 6. Rc1 c5 7. dxc5 Qa5 8. cxd5 Ne4 9. Qb3 Nd7 10. a3 Ndxc5 11. Qb4 Qxb4 12. axb4 Nb3 13. Rc2 Nxc3 14. bxc3 Bf5 15. Ra2 Bxc3+ 16. Kd1 Rfc8 17. f3 Bb1 18. Rf2 a5 19. bxa5 Rxa5 20. e4 Ra1 21. Re2 Bd2 0-1

[Event "Tatry Open"]
[Site "?"]
[Date "2004.09.27"]
[Round "3"]
[White "Blaho Stefan"]
[Black "Pribyl Josef"]
[Result "0-1"]
[WhiteElo "2233"]
[BlackElo "2412"]
[PlyCount "57"]
[EventDate "2004.??.??"]
[Source "www.chesslib.no"]
[SourceDate "2004.05.04"]

1. d4 Nf6 2. c4 g6 3. Nc3 d5 4. Bf4 Bg7 5. e3 O-O 6. Rc1 c6 7. Be2 Qa5 8. Qb3 dxc4 9. Bxc4 Nh5 10. Nge2 b5 11. Bd3 Be6 12. Qc2 Nd7 13. O-O Rfc8 14. b3 Nb6 15. Ne4 Bd7 16. Nc5 Be8 17. a3 Nxf4 18. b4 Nxe2+ 19. Bxe2 Qxa3 20. Ra1 Qxb4 21. Rfb1 Qxb1+ 22. Rxb1 a5 23. Ra1 a4 24. Qb2 Nd7 25. Nxd7 Bxd7 26. Qc1 c5 27. d5 b4 28. Ra2 c4 29. Rc2 0-1